|
|
|
|
| LEADER |
02180nim a2200637 i 4500 |
| 001 |
001912446 |
| 003 |
CZ BrMZK |
| 005 |
20241128124255.0 |
| 007 |
sd fungnnmmned |
| 008 |
241018t20242024xr nnnng f n cze |
| 015 |
|
|
|a cnb003637963
|
| 024 |
3 |
|
|a 8594169487137
|
| 028 |
0 |
1 |
|a AK713
|b OneHotBook
|
| 040 |
|
|
|a BOA001
|b cze
|e rda
|
| 041 |
1 |
|
|d cze
|h dan
|
| 072 |
|
7 |
|a 821.11
|x Germánské literatury
|2 Konspekt
|9 25
|
| 080 |
|
|
|a 821.113.4-31
|2 MRF
|
| 080 |
|
|
|a (0:82-312.4)
|2 MRF
|
| 080 |
|
|
|a (086.7)08
|2 MRF
|
| 080 |
|
|
|a (086.76)
|2 MRF
|
| 100 |
1 |
|
|a Adler-Olsen, Jussi,
|d 1950-
|7 xx0138399
|4 aut
|
| 240 |
1 |
0 |
|a Syv m2 med lås.
|l Česky
|7 aun20241244998
|
| 245 |
1 |
0 |
|a Sedm metrů čtverečních /
|c Jussi Adler Olsen
|
| 246 |
1 |
|
|i Na pouzdru:
|a Q 10
|
| 246 |
3 |
|
|a 7 metrů čtverečních
|
| 264 |
|
1 |
|a [Praha] :
|b OneHotBook,
|c 2024
|
| 264 |
|
4 |
|c ℗2024
|
| 300 |
|
|
|a 2 audiodisky (19 hod., 52 min.) ;
|c 12 cm
|
| 306 |
|
|
|a 195200
|
| 336 |
|
|
|a mluvené slovo
|b spw
|2 rdacontent
|
| 337 |
|
|
|a audio
|b s
|2 rdamedia
|
| 338 |
|
|
|a audiodisk
|b sd
|2 rdacarrier
|
| 344 |
|
|
|a digital
|b optical
|2 rda
|
| 347 |
|
|
|a audio soubor
|b MP3
|2 rda
|
| 500 |
|
|
|a Název z disku
|
| 500 |
|
|
|a Z dánštiny přeložila Kristina Václavů
|
| 500 |
|
|
|a Podle stejnojmenné knihy vydané nakladatelstvím Host (2024)
|
| 508 |
|
|
|a Režie Karel Heřman
|
| 511 |
0 |
|
|a Čte Igor Bareš
|
| 655 |
|
7 |
|a dánské romány
|7 fd132169
|2 czenas
|
| 655 |
|
7 |
|a detektivní romány
|7 fd132010
|2 czenas
|
| 655 |
|
7 |
|a thrillery (romány)
|7 fd184206
|2 czenas
|
| 655 |
|
7 |
|a audioknihy
|7 fd119452
|2 czenas
|
| 655 |
|
7 |
|a kompaktní disky
|7 fd201991
|2 czenas
|
| 655 |
|
9 |
|a Danish fiction
|2 eczenas
|
| 655 |
|
9 |
|a detective novels
|2 eczenas
|
| 655 |
|
9 |
|a thrillers (novels)
|2 eczenas
|
| 655 |
|
9 |
|a audiobooks
|2 eczenas
|
| 655 |
|
9 |
|a compact discs
|2 eczenas
|
| 700 |
1 |
|
|a Václavů, Kristina
|7 xx0138484
|4 trl
|
| 700 |
1 |
|
|a Heřman, Karel
|7 pna2015859218
|4 drt
|
| 700 |
1 |
|
|a Bareš, Igor,
|d 1966-
|7 js20011212135
|4 nrt
|
| 910 |
|
|
|a BOA001
|b CDR-1534.111
|
| 990 |
|
|
|a AV
|
| 991 |
|
|
|b 202411
|c NOV
|
| 996 |
6 |
|
|b 2610983501
|c CDR-1534.111
|l MZK
|r Sklad / do 24 hodin
|n 0
|p p.v.
|w 001981574
|u 000010
|a 1
|e BOA001
|j MZK50
|s P
|